00881nam a22002055i 4500001000700000003000900007005001700016008004100033040002700074080000800101100004000109245008300149260008900232300002100321500012200342650003600464650001500500711006100515852009900576167714ES-MaACL20251011063151.0940628s1888 sp |||| | spa d aCAT bspa cCAT dCCPB a6162 aViura y Carreras, Juan, d1851-193313aLa Coqueluche b: su naturaleza y tratamiento / cpor el Dr. Viura y Carreras. aBarcelona : b[s.n.], c1888 (fEstablecimiento Tipográfico Editorial La Academia) a16 p. ; c26 cm. aEn port.: "Comunicación presentada al Congreso Médico Internacional celebrado en Barcelona en septiembre de 1888" 7aEnfermedades infecciosas2embne 4aTosferina.2 aCongreso Internacional de Medicina (d1888. cBarcelona) aES-MaACLjT-525-F-5 z-- Enc. hol., conservando la cub. original z-- Enc. en un vol. facticio